[Event "Regionalliga SW 1112"]
[Site "Bayern"]
[Date "2011.12.11"]
[Round "4.1"]
[White "Moufang, Rainer"]
[Black "Fischer, Hans"]
[Result "1/2-1/2"]
[WhiteElo "2302"]
[BlackElo "2090"]
[PlyCount "36"]
[EventDate "2011.10.02"]
[EventType "team-tourn"]
[EventRounds "9"]
[EventCountry "GER"]
[SourceTitle "EXT 2013"]
[Source "ChessBase"]
[SourceDate "2012.11.22"]
[SourceVersion "1"]
[SourceVersionDate "2012.11.22"]
[SourceQuality "1"]
[WhiteTeam "Haar"]
[BlackTeam "Kaufbeuren"]
[WhiteTeamCountry "GER"]
[BlackTeamCountry "GER"]

1. e4 d6 2. d4 Nf6 3. Nc3 g6 4. Bg5 Bg7 5. f4 h6 6. Bh4 0-0 7. Nf3 c5 8. e5 Ng4 9. Nd5 Nc6 10. h3 cxd4 11. Bc4 Be6 12. hxg4 Bxd5 13. Bxd5 Qa5+ 14. c3 Qxd5 15. 0-0 dxe5 16. fxe5 Rfd8 17. cxd4 Nxd4 18. Bxe7 Nxf3+ 1/2-1/2

[Event "Bayern-ch 72nd"]
[Site "Freising"]
[Date "2001.09.04"]
[Round "4"]
[White "Knechtel, Roland"]
[Black "Fischer, Hans"]
[Result "1-0"]
[WhiteElo "2192"]
[BlackElo "2176"]
[PlyCount "100"]
[EventDate "2001.09.01"]
[EventType "swiss"]
[EventRounds "9"]
[EventCountry "GER"]
[SourceTitle "EXT 2015"]
[Source "ChessBase"]
[SourceDate "2014.11.20"]
[SourceVersion "1"]
[SourceVersionDate "2014.11.20"]
[SourceQuality "1"]

1. d4 g6 2. c4 Bg7 3. Nc3 d6 4. Nf3 Nd7 5. Bg5 h6 6. Bh4 f5 7. e3 Ngf6 8. Be2 0-0 9. b4 e5 10. dxe5 dxe5 11. Bg3 Qe7 12. c5 Kh7 13. Rc1 e4 14. Nd4 Ne5 15. 0-0 Bd7 16. Qb3 a6 17. Rfd1 Rad8 18. h3 Bc8 19. b5 axb5 20. Ncxb5 Rfe8 21. a4 Nfd7 22. Nxc7 Nxc5 23. Qb6 Ncd3 24. Bxd3 Nxd3 25. Rc2 Rg8 26. Nde6 Bxe6 27. Nxe6 Rc8 28. Rxc8 Rxc8 29. Nf4 Rc6 30. Qb3 Rc3 31. Qb1 Qd7 32. Qb6 Qc6 33. Qxc6 bxc6 34. Rb1 g5 35. Ne6 Be5 36. Bxe5 Nxe5 37. Ra1 Rb3 38. Nd4 Rb4 39. Nxf5 Kg6 40. Nd6 c5 41. a5 Nc6 42. a6 Na7 43. Rc1 Rb6 44. Nxe4 Rxa6 45. Rxc5 Nc6 46. g4 Nd8 47. Rd5 Ne6 48. Rd6 Ra1+ 49. Kg2 Kf7 50. Rb6 Ra2 1-0

[Event "Bayern-ch 72nd"]
[Site "Freising"]
[Date "2001.09.02"]
[Round "2"]
[White "Pohl Kuemmel, Jens Uwe"]
[Black "Fischer, Hans"]
[Result "1-0"]
[WhiteElo "2294"]
[BlackElo "2176"]
[PlyCount "71"]
[EventDate "2001.09.01"]
[EventType "swiss"]
[EventRounds "9"]
[EventCountry "GER"]
[SourceTitle "EXT 2015"]
[Source "ChessBase"]
[SourceDate "2014.11.20"]
[SourceVersion "1"]
[SourceVersionDate "2014.11.20"]
[SourceQuality "1"]

1. d4 g6 2. c4 Bg7 3. e4 d6 4. Nc3 Nc6 5. d5 Nd4 6. Be3 c5 7. Nge2 Qb6 8. Nxd4 cxd4 9. Na4 Qa5+ 10. Bd2 Qc7 11. Bd3 Nf6 12. Rc1 Ng4 13. c5 0-0 14. cxd6 Qxd6 15. Rxc8 Raxc8 16. Qxg4 f5 17. Qe2 e6 18. dxe6 Qxe6 19. b3 b5 20. Bxb5 Qxe4 21. 0-0 Rc2 22. Bc4+ Kh8 23. Qd1 Rxa2 24. Bb4 Rb8 25. Bc5 Qc2 26. Qxc2 Rxc2 27. Rd1 Rc8 28. g3 Ra2 29. Rxd4 h5 30. Rd5 Kh7 31. Rd7 Kh8 32. Bf7 Rxa4 33. bxa4 Rxc5 34. Bxg6 Bf6 35. Rh7+ Kg8 36. h4 1-0

[Event "Bayern-ch 71st"]
[Site "Bad Koenigshofen"]
[Date "2000.08.30"]
[Round "6"]
[White "Fischer, Hans"]
[Black "Koller, Reinhard"]
[Result "1-0"]
[WhiteElo "2190"]
[BlackElo "2077"]
[PlyCount "81"]
[EventDate "2000.08.26"]
[EventType "swiss"]
[EventRounds "9"]
[EventCountry "GER"]
[SourceTitle "EXT 2015"]
[Source "ChessBase"]
[SourceDate "2014.11.20"]
[SourceVersion "1"]
[SourceVersionDate "2014.11.20"]
[SourceQuality "1"]

1. Nf3 e6 2. c4 d5 3. g3 Nf6 4. Bg2 c5 5. b3 Nc6 6. 0-0 Be7 7. Bb2 0-0 8. e3 b6 9. Qe2 Ba6 10. Nc3 Qd7 11. d3 Rad8 12. Rad1 Qc8 13. Ne1 dxc4 14. bxc4 Rd7 15. f4 Rfd8 16. a3 Ne8 17. g4 Bb7 18. g5 Nb8 19. Nf3 Bd6 20. h4 a6 21. Bh3 g6 22. Nh2 Bf8 23. Ng4 Bg7 24. Bg2 Bxg2 25. Qxg2 Rxd3 26. Nd5 exd5 27. Rxd3 dxc4 28. Rxd8 Qxd8 29. Bxg7 Nxg7 30. Qe4 Nf5 31. Qxc4 Qd2 32. e4 Nxh4 33. Nh6+ Kh8 34. Rf2 Qe1+ 35. Qf1 Qxe4 36. Qa1+ Qd4 37. Qxd4+ cxd4 38. Rc2 Kg7 39. Rc8 Nf3+ 40. Kf2 Nxg5 41. fxg5 1-0

[Event "Bayern-ch 71st"]
[Site "Bad Koenigshofen"]
[Date "2000.08.26"]
[Round "1"]
[White "Stanzl, Matthias"]
[Black "Fischer, Hans"]
[Result "1/2-1/2"]
[WhiteElo "2041"]
[BlackElo "2190"]
[PlyCount "34"]
[EventDate "2000.08.26"]
[EventType "swiss"]
[EventRounds "9"]
[EventCountry "GER"]
[SourceTitle "EXT 2015"]
[Source "ChessBase"]
[SourceDate "2014.11.20"]
[SourceVersion "1"]
[SourceVersionDate "2014.11.20"]
[SourceQuality "1"]

1. d4 Nf6 2. c4 e6 3. Nc3 c5 4. d5 exd5 5. cxd5 d6 6. e4 g6 7. Nf3 Bg7 8. Bg5 h6 9. Bh4 a6 10. a4 g5 11. Bg3 Nh5 12. Nd2 Nxg3 13. hxg3 Nd7 14. Be2 Qe7 15. Ra3 Ne5 16. a5 0-0 17. 0-0 f5 1/2-1/2

[Event "Bayern-chB 70th"]
[Site "Fuerth"]
[Date "1999.??.??"]
[Round "?"]
[White "Fischer, Hans"]
[Black "Ewald, Alexander"]
[Result "1/2-1/2"]
[WhiteElo "2235"]
[BlackElo "2118"]
[PlyCount "35"]
[EventDate "1999.09.04"]
[EventType "swiss"]
[EventRounds "9"]
[EventCountry "GER"]
[SourceTitle "EXT 2001"]
[Source "ChessBase"]
[SourceDate "2000.11.22"]
[SourceVersion "1"]
[SourceVersionDate "2000.11.22"]
[SourceQuality "1"]

1. c4 Nf6 2. g3 e5 3. Bg2 Nc6 4. Nc3 Bb4 5. Nd5 Nxd5 6. cxd5 Ne7 7. e3 0-0 8. Ne2 c6 9. a3 Ba5 10. d6 Nf5 11. b4 Bb6 12. Bb2 Re8 13. Qc2 Nxd6 14. f4 e4 15. 0-0 f6 16. f5 Nf7 17. Bxe4 d5 18. Bg2 1/2-1/2

[Event "Bayern-chB 70th"]
[Site "Fuerth"]
[Date "1999.??.??"]
[Round "?"]
[White "Fischer, Hans"]
[Black "Schatz, Christian"]
[Result "1-0"]
[WhiteElo "2235"]
[BlackElo "2193"]
[PlyCount "89"]
[EventDate "1999.09.04"]
[EventType "swiss"]
[EventRounds "9"]
[EventCountry "GER"]
[SourceTitle "EXT 2001"]
[Source "ChessBase"]
[SourceDate "2000.11.22"]
[SourceVersion "1"]
[SourceVersionDate "2000.11.22"]
[SourceQuality "1"]

1. c4 c5 2. g3 Nf6 3. Bg2 d5 4. Nf3 e6 5. 0-0 Be7 6. b3 0-0 7. Bb2 Nc6 8. e3 b6 9. Qe2 Bb7 10. Rd1 Qc7 11. Nc3 Rac8 12. cxd5 exd5 13. d4 Rfd8 14. Rac1 Qd7 15. dxc5 bxc5 16. Na4 c4 17. Bxf6 Bxf6 18. Nc5 Qe7 19. Nxb7 Qxb7 20. bxc4 Qa6 21. Bf1 dxc4 22. Qxc4 Qb6 23. Rxd8+ Qxd8 24. Bh3 Rc7 25. Kf1 Bb2 26. Rc2 Qd1+ 27. Ne1 Be5 28. Qd3 Qxd3+ 29. Nxd3 Bd6 30. Nf4 Nb4 31. Rd2 Bf8 32. Nd5 Nxd5 33. Rxd5 g6 34. Bg4 Rc1+ 35. Kg2 Kg7 36. Bf3 Rc2 37. Rd7 Bc5 38. Rc7 Kh6 39. Be4 Rc3 40. Rxf7 Bb6 41. h4 Rc4 42. g4 Rc7 43. g5+ Kh5 44. Rxc7 Bxc7 45. Kh3 1-0

[Event "Bayern-chB 70th"]
[Site "Fuerth"]
[Date "1999.??.??"]
[Round "?"]
[White "Roeder, Gerd"]
[Black "Fischer, Hans"]
[Result "1/2-1/2"]
[WhiteElo "2265"]
[BlackElo "2235"]
[PlyCount "39"]
[EventDate "1999.09.04"]
[EventType "swiss"]
[EventRounds "9"]
[EventCountry "GER"]
[SourceTitle "EXT 2001"]
[Source "ChessBase"]
[SourceDate "2000.11.22"]
[SourceVersion "1"]
[SourceVersionDate "2000.11.22"]
[SourceQuality "1"]

1. e4 g6 2. d4 Bg7 3. c4 d6 4. Nc3 Nc6 5. Nge2 e5 6. d5 Nce7 7. g3 f5 8. Bg2 Nf6 9. 0-0 0-0 10. f3 c6 11. Kh1 b5 12. cxb5 cxd5 13. exd5 h6 14. f4 Bb7 15. fxe5 dxe5 16. d6 Bxg2+ 17. Kxg2 Nc8 18. Qb3+ Kh7 19. Rd1 Qb6 20. Na4 1/2-1/2

[Event "Bayern-chB 67th"]
[Site "Uttenreuth"]
[Date "1996.??.??"]
[Round "?"]
[White "Fischer, Hans"]
[Black "Kraeussling, Andreas"]
[Result "1/2-1/2"]
[WhiteElo "2205"]
[BlackElo "2290"]
[PlyCount "32"]
[EventDate "1996.08.03"]
[EventType "swiss"]
[EventRounds "9"]
[EventCountry "GER"]
[SourceTitle "EXT 2001"]
[Source "ChessBase"]
[SourceDate "2000.11.22"]
[SourceVersion "1"]
[SourceVersionDate "2000.11.22"]
[SourceQuality "1"]

1. c4 c5 2. g3 Nc6 3. Bg2 g6 4. Nc3 Bg7 5. e3 e6 6. Nge2 Nge7 7. 0-0 Nf5 8. b3 0-0 9. Bb2 b6 10. d4 cxd4 11. Nxd4 Nfxd4 12. exd4 Bxd4 13. Qd2 a6 14. Rad1 e5 15. Qh6 Re8 16. Bd5 Qf6 1/2-1/2

[Event "Bayern-chB 67th"]
[Site "Uttenreuth"]
[Date "1996.??.??"]
[Round "?"]
[White "Pitschka, Claus"]
[Black "Fischer, Hans"]
[Result "1/2-1/2"]
[WhiteElo "2255"]
[BlackElo "2205"]
[PlyCount "36"]
[EventDate "1996.08.03"]
[EventType "swiss"]
[EventRounds "9"]
[EventCountry "GER"]
[SourceTitle "EXT 2001"]
[Source "ChessBase"]
[SourceDate "2000.11.22"]
[SourceVersion "1"]
[SourceVersionDate "2000.11.22"]
[SourceQuality "1"]

1. d4 g6 2. Nf3 Bg7 3. e4 d6 4. Nc3 Bg4 5. Be2 Nc6 6. Be3 e5 7. dxe5 dxe5 8. Qxd8+ Rxd8 9. Nd5 Rc8 10. 0-0-0 Nf6 11. Nxf6+ Bxf6 12. h3 Bxf3 13. Bxf3 Nd4 14. Bg4 Rd8 15. Rd2 h5 16. Bd1 Ne6 17. Rxd8+ Bxd8 18. h4 Be7 1/2-1/2

[Event "Bayern-chB 66th"]
[Site "Wuerzburg"]
[Date "1995.??.??"]
[Round "9"]
[White "Fischer, Hans"]
[Black "Gietl, Thomas"]
[Result "0-1"]
[WhiteElo "2181"]
[BlackElo "2190"]
[PlyCount "118"]
[EventDate "1995.08.27"]
[EventType "swiss"]
[EventRounds "9"]
[EventCountry "GER"]
[SourceTitle "EXT 1999"]
[Source "ChessBase"]
[SourceDate "1998.11.16"]
[SourceVersion "1"]
[SourceVersionDate "1998.11.16"]
[SourceQuality "1"]

1. c4 f5 2. Nc3 Nf6 3. g3 g6 4. Bg2 Bg7 5. e3 0-0 6. Nge2 d6 7. 0-0 e5 8. d3 Nc6 9. b3 Qe8 10. Nd5 Qf7 11. Bb2 Nd8 12. Qd2 Ne6 13. Rae1 Nh5 14. f4 c6 15. Ndc3 Qc7 16. d4 e4 17. d5 Nc5 18. Nc1 Na6 19. dxc6 bxc6 20. Rd1 Rd8 21. g4 Nf6 22. g5 Ne8 23. Rf2 Be6 24. Bf1 Bf7 25. N1e2 Nb4 26. Nd4 c5 27. Ndb5 Qb7 28. Qc1 a6 29. Na3 Qe7 30. Nc2 Bxc3 31. Bxc3 Nxa2 32. Qb2 Nxc3 33. Qxc3 Qb7 34. Ra1 Rdb8 35. Ra3 Qe7 36. b4 Qb7 37. bxc5 dxc5 38. Ra5 Qb2 39. Qxb2 Rxb2 40. Rxc5 Rb3 41. Ra5 Nd6 42. c5 Nb7 43. Rxa6 Rxa6 44. Bxa6 Nxc5 45. Bf1 Rc3 46. Re2 Bc4 47. Rd2 Bb3 48. Nd4 Rxe3 49. Nxb3 Nxb3 50. Rd8+ Kf7 51. Rd7+ Kf8 52. Rxh7 Nd2 53. Bg2 Ra3 54. Kf2 Nc4 55. Bf1 Ne3 56. Be2 Nd5 57. Rh4 Ke7 58. Ke1 e3 59. Kf1 Ra4 0-1

[Event "Regionalliga SW 9495"]
[Site "Bayern"]
[Date "1995.??.??"]
[Round "?.1"]
[White "Fischer, Hans"]
[Black "Glaser, Wolfgang"]
[Result "1/2-1/2"]
[WhiteElo "2155"]
[BlackElo "2130"]
[PlyCount "55"]
[EventDate "1994.10.??"]
[EventType "team-tourn"]
[EventRounds "9"]
[EventCountry "GER"]
[SourceTitle "EXT 1999"]
[Source "ChessBase"]
[SourceDate "1998.11.16"]
[SourceVersion "1"]
[SourceVersionDate "1998.11.16"]
[SourceQuality "1"]
[WhiteTeam "Kaufbeuren"]
[BlackTeam "Lauingen"]
[WhiteTeamCountry "GER"]
[BlackTeamCountry "GER"]

1. e4 e6 2. d3 d5 3. Nd2 c5 4. Ngf3 Ne7 5. g3 g6 6. Bg2 Bg7 7. 0-0 Nbc6 8. exd5 exd5 9. d4 c4 10. c3 0-0 11. Re1 b5 12. Nf1 a5 13. Bf4 Ra6 14. Ne5 Nf5 15. Nxc6 Rxc6 16. Be5 Re8 17. Bxg7 Nxg7 18. Qf3 Rxe1 19. Rxe1 Be6 20. Ne3 Rd6 21. Ng4 Bxg4 22. Qxg4 Re6 23. Rxe6 Nxe6 24. Qf3 Nc7 25. Qe3 f6 26. h4 Kg7 27. Kh2 Qd6 28. Qf3 1/2-1/2

[Event "Regionalliga SW 9495"]
[Site "Bayern"]
[Date "1995.??.??"]
[Round "?.1"]
[White "Fischer, Hans"]
[Black "Huebner, Lothar"]
[Result "0-1"]
[WhiteElo "2155"]
[BlackElo "2130"]
[PlyCount "85"]
[EventDate "1994.10.??"]
[EventType "team-tourn"]
[EventRounds "9"]
[EventCountry "GER"]
[SourceTitle "EXT 1999"]
[Source "ChessBase"]
[SourceDate "1998.11.16"]
[SourceVersion "1"]
[SourceVersionDate "1998.11.16"]
[SourceQuality "1"]
[WhiteTeam "Kaufbeuren"]
[BlackTeam "Augsburg SG 1873"]
[WhiteTeamCountry "GER"]
[BlackTeamCountry "GER"]

1. c4 e5 2. Nc3 Nc6 3. g3 d6 4. Bg2 g6 5. e3 Bg7 6. Nge2 Nge7 7. 0-0 f5 8. d3 0-0 9. b3 g5 10. f4 Ng6 11. Bb2 h5 12. Nd5 g4 13. Qd2 Nce7 14. Rae1 c6 15. Nxe7+ Nxe7 16. e4 Ng6 17. d4 exf4 18. Nxf4 Bh6 19. d5 Nxf4 20. gxf4 c5 21. Qc3 Kh7 22. exf5 Bxf5 23. Re6 Qd7 24. Rfe1 Rae8 25. Be4 Bxe4 26. R1xe4 Rxe6 27. Rxe6 Qf7 28. f5 Bf4 29. Qd3 Qxf5 30. Re7+ Kg6 31. Qxf5+ Rxf5 32. Kg2 Bxh2 33. Rg7+ Kh6 34. Rxb7 Be5 35. Bxe5 Rxe5 36. Rd7 Re2+ 37. Kf1 Rxa2 38. Rxd6+ Kg5 39. Rc6 g3 40. d6 Kg4 41. Rxc5 Ra1+ 42. Ke2 g2 43. Rc8 0-1

[Event "Regionalliga SW 9495"]
[Site "Bayern"]
[Date "1994.??.??"]
[Round "?.1"]
[White "Fischer, Hans"]
[Black "Mueller, Heinz1111"]
[Result "1-0"]
[WhiteElo "2155"]
[BlackElo "2200"]
[PlyCount "67"]
[EventDate "1994.10.??"]
[EventType "team-tourn"]
[EventRounds "9"]
[EventCountry "GER"]
[SourceTitle "EXT 1999"]
[Source "ChessBase"]
[SourceDate "1998.11.16"]
[SourceVersion "1"]
[SourceVersionDate "1998.11.16"]
[SourceQuality "1"]
[WhiteTeam "Kaufbeuren"]
[BlackTeam "Obermenzing"]
[WhiteTeamCountry "GER"]
[BlackTeamCountry "GER"]

1. d4 g6 2. c4 f5 3. g3 Bg7 4. Bg2 Nf6 5. Nc3 0-0 6. Nh3 d6 7. d5 Na6 8. 0-0 Nc5 9. Nf4 e5 10. dxe6 c6 11. Qc2 Nxe6 12. Rd1 Qe7 13. b4 Ng4 14. b5 Nd4 15. Qd3 Ne5 16. Qxd4 Nf3+ 17. Bxf3 Bxd4 18. Rxd4 g5 19. Nd3 Qg7 20. e3 f4 21. bxc6 fxg3 22. Bd5+ Kh8 23. hxg3 bxc6 24. Bxc6 Bb7 25. Bxb7 Qxb7 26. Ne4 Qg7 27. Bb2 Rab8 28. Bc3 Kg8 29. Rd5 Qh6 30. Rxg5+ Kf7 31. Rg7+ Ke8 32. Nf4 Rf7 33. Rg8+ Rf8 34. Bg7 1-0